[Event "Silkway Cup"]
[Site "T#646345FIDE"]
[Date "2020.05.26"]
[Round "4"]
[White "SuleymanliAydin1"]
[Black "VugarAsadli"]
[Result "1-0"]
[WhiteElo "1899"]
[BlackElo "1985"]
[PlyCount "73"]
[EventDate "2020.05.26"]
[EventType "swiss (blitz)"]

1. d4 {[%emt 0:00:02]} Nf6 {[%emt 0:00:02]} 2. c4 {[%emt 0:00:01]} e6 {[%emt 0:00:01]} 3. Nc3 {[%emt 0:00:01]} Bb4 {[%emt 0:00:01]} 4. e3 {[%emt 0:00:00]} O-O {[%emt 0:00:02]} 5. Nge2 {[%emt 0:00:01]} d5 {[%emt 0:00:03]} 6. a3 {[%emt 0:00:01]} Be7 {[%emt 0:00:01]} 7. cxd5 {[%emt 0:00:02]} exd5 {[%emt 0:00:00]} 8. b4 {[%emt 0:00:01]} Nbd7 {[%emt 0:00:05]} 9. Ng3 {[%emt 0:00:02]} Nb6 {[%emt 0:00:01] VugarAsadli offers a draw} 10. Bd3 {[%emt 0:00:03]} Re8 {[%emt 0:00:04]} 11. O-O {[%emt 0:00:01]} a5 {[%emt 0:00:12]} 12. Rb1 {[%emt 0:00:08]} axb4 {[%emt 0:00:05]} 13. axb4 {[%emt 0:00:00]} g6 {[%emt 0:00:15]} 14. f3 {[%emt 0:00:12]} h5 {[%emt 0:00:09]} 15. Nge2 {[%emt 0:00:02]} Be6 {[%emt 0:00:28]} 16. Qc2 {[%emt 0:00:23]} Bf8 {[%emt 0:00:20]} 17. e4 {[%emt 0:00:07]} h4 {[%emt 0:00:29]} 18. Bg5 {[%emt 0:00:14]} Be7 {[%emt 0:00:02]} 19. Bxh4 {[%emt 0:00:58]} dxe4 {[%emt 0:00:11]} 20. fxe4 {[%emt 0:00:01]} Ng4 {[%emt 0:00:01]} 21. Bxe7 {[%emt 0:00:03]} Qxe7 {[%emt 0:00:00]} 22. Qd2 {[%emt 0:00:01]} Nc4 {[%emt 0:00:01]} 23. Qf4 {[%emt 0:00:07]} Nge3 {[%emt 0:00:12]} 24. Rf3 {[%emt 0:00:06]} g5 {[%emt 0:00:04]} 25. Rg3 {[%emt 0:00:11]} f6 {[%emt 0:00:02]} 26. e5 {[%emt 0:00:05]} Ng4 {[%emt 0:00:09]} 27. Rxg4 {[%emt 0:00:05]} Bxg4 {[%emt 0:00:05]} 28. Qxg4 {[%emt 0:00:01]} fxe5 {[%emt 0:00:02]} 29. Bxc4+ {[%emt 0:00:01]} Kg7 {[%emt 0:00:02]} 30. Nd5 {[%emt 0:00:01]} Qd8 {[%emt 0:00:02]} 31. Ng3 {[%emt 0:00:04]} c6 {[%emt 0:00:01]} 32. Nf5+ {[%emt 0:00:01]} Kg6 {[%emt 0:00:01]} 33. Nde7+ {[%emt 0:00:31]} Rxe7 {[%emt 0:00:01]} 34. Nxe7+ {[%emt 0:00:01]} Qxe7 {[%emt 0:00:00]} 35. Bd3+ {[%emt 0:00:01]} Kg7 {[%emt 0:00:01]} 36. Rf1 {[%emt 0:00:02]} Ra3 {[%emt 0:00:04]} 37. Qf5 {[%emt 0:00:03] VugarAsadli resigns (Lag: Av=0.33s, max=0.4s)} 1-0

[Event "Silkway Cup"]
[Site "T#646345FIDE"]
[Date "2020.05.26"]
[Round "4"]
[White "Skoffee"]
[Black "Shak"]
[Result "0-1"]
[WhiteElo "1896"]
[BlackElo "1749"]
[Annotator "NA"]
[PlyCount "118"]
[EventDate "2020.05.26"]
[EventType "swiss (blitz)"]

1. e4 {[%emt 0:00:00]} c6 {[%emt 0:00:06]} 2. d4 {[%emt 0:00:02]} d5 {[%emt 0:00:01]} 3. exd5 {[%emt 0:00:04]} cxd5 {[%emt 0:00:02]} 4. c4 {[%emt 0:00:01]} Nf6 {[%emt 0:00:02]} 5. Nf3 {[%emt 0:00:01]} e6 {[%emt 0:00:03]} 6. Nc3 {[%emt 0:00:02]} a6 {[%emt 0:00:01]} 7. cxd5 {[%emt 0:00:04]} exd5 {[%emt 0:00:02]} 8. Bd3 {[%emt 0:00:03]} Bd6 {[%emt 0:00:09]} 9. O-O {[%emt 0:00:02]} O-O {[%emt 0:00:01]} 10. h3 {[%emt 0:00:02]} h6 {[%emt 0:00:03]} 11. Re1 {[%emt 0:00:05]} Be6 {[%emt 0:00:01]} 12. Ne5 {[%emt 0:00:04]} Nc6 {[%emt 0:00:04]} 13. Nxc6 {[%emt 0:00:06]} bxc6 {[%emt 0:00:00]} 14. Na4 {[%emt 0:00:03]} Re8 {[%emt 0:00:08]} 15. Be3 {[%emt 0:00:04]} Bc7 {[%emt 0:00:17]} 16. Nc5 {[%emt 0:00:11]} Qd6 {[%emt 0:00:01]} 17. f4 {[%emt 0:00:01]} g5 {[%emt 0:00:25]} 18. Nb7 {[%emt 0:00:22]} Qb4 {[%emt 0:00:08]} 19. fxg5 {[%emt 0:00:07]} hxg5 {[%emt 0:00:15]} 20. Bxg5 {[%emt 0:00:05]} Qxd4+ {[%emt 0:00:07]} 21. Kh1 {[%emt 0:00:03]} Kg7 {[%emt 0:00:15]} 22. Rf1 {[%emt 0:00:20]} Ng4 {[%emt 0:00:09]} 23. Qf3 {[%emt 0:00:12]} Qe5 {[%emt 0:00:22]} 24. Bf4 {[%emt 0:00:16]} Qxf4 {[%emt 0:00:01]} 25. Qxf4 {[%emt 0:00:00]} Bxf4 {[%emt 0:00:00]} 26. Rxf4 {[%emt 0:00:01]} Ne5 {[%emt 0:00:01]} 27. Bf1 {[%emt 0:00:07]} Reb8 {[%emt 0:00:03]} 28. Na5 {[%emt 0:00:08]} Rxb2 {[%emt 0:00:04]} 29. Re1 {[%emt 0:00:03]} Rxa2 {[%emt 0:00:08]} 30. Nb3 {[%emt 0:00:04]} Ng6 {[%emt 0:00:02]} 31. Rf3 {[%emt 0:00:05]} Ra3 {[%emt 0:00:01]} 32. Rc1 {[%emt 0:00:05]} Kf8 {[%emt 0:00:16]} 33. Nd4 {[%emt 0:00:14]} Rxf3 {[%emt 0:00:02]} 34. gxf3 {[%emt 0:00:01]} Bd7 {[%emt 0:00:01]} 35. Nb3 {[%emt 0:00:12]} Ke7 {[%emt 0:00:01]} 36. Nc5 {[%emt 0:00:03]} Bc8 {[%emt 0:00:01]} 37. Na4 {[%emt 0:00:08]} Kd6 {[%emt 0:00:02]} 38. Nb6 {[%emt 0:00:04]} Rb8 {[%emt 0:00:01]} 39. Nxc8+ {[%emt 0:00:01]} Rxc8 {[%emt 0:00:00]} 40. Bxa6 {[%emt 0:00:01]} Rb8 {[%emt 0:00:02]} 41. Kg2 {[%emt 0:00:02]} c5 {[%emt 0:00:01]} 42. Bf1 {[%emt 0:00:06]} c4 {[%emt 0:00:03]} 43. Kf2 {[%emt 0:00:02]} Kc5 {[%emt 0:00:01]} 44. Rc2 {[%emt 0:00:10]} Ne5 {[%emt 0:00:02]} 45. f4 {[%emt 0:00:02]} Nc6 {[%emt 0:00:01]} 46. h4 {[%emt 0:00:05]} Rh8 {[%emt 0:00:03]} 47. Kg3 {[%emt 0:00:02]} Nd4 {[%emt 0:00:00]} 48. Ra2 {[%emt 0:00:08]} Nf5+ {[%emt 0:00:04]} 49. Kf2 {[%emt 0:00:07]} Rxh4 {[%emt 0:00:02]} 50. Ra7 {[%emt 0:00:04]} Rxf4+ {[%emt 0:00:02]} 51. Ke1 {[%emt 0:00:01]} Ne3 {[%emt 0:00:01]} 52. Be2 {[%emt 0:00:01]} f5 {[%emt 0:00:02]} 53. Kd2 {[%emt 0:00:03]} Kd4 {[%emt 0:00:02]} 54. Rc7 {[%emt 0:00:04]} Rf2 {[%emt 0:00:02]} 55. Ke1 {[%emt 0:00:03]} Rh2 {[%emt 0:00:01]} 56. Rf7 {[%emt 0:00:03]} c3 {[%emt 0:00:01]} 57. Rc7 {[%emt 0:00:03]} Rh1+ {[%emt 0:00:02]} 58. Kf2 {[%emt 0:00:01]} c2 {[%emt 0:00:01]} 59. Bf3 {[%emt 0:00:03]} c1=Q {[%emt 0:00:02] Skoffee resigns (Lag: Av=0.74s, max=12.7s)} 0-1

[Event "Silkway Cup"]
[Site "T#646345FIDE"]
[Date "2020.05.26"]
[Round "4"]
[White "Misi_95"]
[Black "Oligarkh"]
[Result "0-1"]
[WhiteElo "1811"]
[BlackElo "2491"]
[Annotator "NA"]
[PlyCount "110"]
[EventDate "2020.05.26"]
[EventType "swiss (blitz)"]

1. e4 {[%emt 0:00:03]} c6 {[%emt 0:00:01]} 2. Nc3 {[%emt 0:00:01]} d5 {[%emt 0:00:00]} 3. Nf3 {[%emt 0:00:01]} Bg4 {[%emt 0:00:01]} 4. h3 {[%emt 0:00:01]} Bxf3 {[%emt 0:00:00]} 5. Qxf3 {[%emt 0:00:00]} e6 {[%emt 0:00:00]} 6. g3 {[%emt 0:00:08]} g6 {[%emt 0:00:01]} 7. Bg2 {[%emt 0:00:01]} Nd7 {[%emt 0:00:01]} 8. O-O {[%emt 0:00:02]} h5 {[%emt 0:00:01]} 9. Re1 {[%emt 0:00:02]} d4 {[%emt 0:00:02]} 10. Ne2 {[%emt 0:00:03]} Bg7 {[%emt 0:00:04]} 11. Qb3 {[%emt 0:00:07]} Qb6 {[%emt 0:00:05]} 12. c3 {[%emt 0:00:13]} h4 {[%emt 0:00:11]} 13. Qxb6 {[%emt 0:00:09]} axb6 {[%emt 0:00:01]} 14. Nxd4 {[%emt 0:00:03]} hxg3 {[%emt 0:00:01]} 15. fxg3 {[%emt 0:00:01]} Nc5 {[%emt 0:00:05]} 16. Nf3 {[%emt 0:00:11]} Nd3 {[%emt 0:00:04]} 17. Re3 {[%emt 0:00:01]} Rd8 {[%emt 0:00:09]} 18. Bf1 {[%emt 0:00:03]} Nxc1 {[%emt 0:00:03]} 19. Rxc1 {[%emt 0:00:01]} Nf6 {[%emt 0:00:02]} 20. Rd1 {[%emt 0:00:09]} g5 {[%emt 0:00:20]} 21. Nxg5 {[%emt 0:00:22]} Bh6 {[%emt 0:00:02]} 22. h4 {[%emt 0:00:01]} Rg8 {[%emt 0:00:03]} 23. d4 {[%emt 0:00:03]} Bxg5 {[%emt 0:00:01]} 24. hxg5 {[%emt 0:00:00]} Rxg5 {[%emt 0:00:00]} 25. Be2 {[%emt 0:00:41]} Ke7 {[%emt 0:00:01]} 26. Rf1 {[%emt 0:00:03]} Ne8 {[%emt 0:00:14]} 27. Ref3 {[%emt 0:00:06]} Nd6 {[%emt 0:00:01]} 28. Bd3 {[%emt 0:00:02]} e5 {[%emt 0:00:04]} 29. Kg2 {[%emt 0:00:08]} c5 {[%emt 0:00:02]} 30. dxe5 {[%emt 0:00:21]} Rxe5 {[%emt 0:00:02]} 31. Bc2 {[%emt 0:00:03]} b5 {[%emt 0:00:10]} 32. Rf4 {[%emt 0:00:13]} Ra8 {[%emt 0:00:02]} 33. a3 {[%emt 0:00:02]} Rg8 {[%emt 0:00:01]} 34. Bb3 {[%emt 0:00:08]} Rg7 {[%emt 0:00:02]} 35. Bc2 {[%emt 0:00:10]} Nc4 {[%emt 0:00:03]} 36. Kf2 {[%emt 0:00:13]} Rh7 {[%emt 0:00:09]} 37. Rh4 {[%emt 0:00:05]} Rg7 {[%emt 0:00:02]} 38. b3 {[%emt 0:00:06]} Nxa3 {[%emt 0:00:02]} 39. Bd3 {[%emt 0:00:01]} c4 {[%emt 0:00:01]} 40. bxc4 {[%emt 0:00:02]} bxc4 {[%emt 0:00:00]} 41. Be2 {[%emt 0:00:02]} Nb5 {[%emt 0:00:04]} 42. Rb1 {[%emt 0:00:02]} Nd6 {[%emt 0:00:02]} 43. Bf3 {[%emt 0:00:02]} Ra5 {[%emt 0:00:04]} 44. Rb2 {[%emt 0:00:01]} f6 {[%emt 0:00:02]} 45. g4 {[%emt 0:00:02]} Ra3 {[%emt 0:00:01]} 46. e5 {[%emt 0:00:09]} fxe5 {[%emt 0:00:02]} 47. Bxb7 {[%emt 0:00:01]} Rxc3 {[%emt 0:00:04]} 48. Bd5 {[%emt 0:00:02]} Rd3 {[%emt 0:00:02]} 49. Bxc4 {[%emt 0:00:03]} Nxc4 {[%emt 0:00:02]} 50. Rb7+ {[%emt 0:00:02]} Rd7 {[%emt 0:00:00]} 51. Rb4 {[%emt 0:00:02]} Rf7+ {[%emt 0:00:05]} 52. Ke2 {[%emt 0:00:02]} Rf4 {[%emt 0:00:13]} 53. Rh7+ {[%emt 0:00:04]} Ke6 {[%emt 0:00:01]} 54. Rxd7 {[%emt 0:00:03]} Kxd7 {[%emt 0:00:00]} 55. g5 {[%emt 0:00:00]} Ke6 {[%emt 0:00:05] Zaman (Lag: Av=0.77s, max=1.1s)} 0-1

[Event "Silkway Cup"]
[Site "T#646345FIDE"]
[Date "2020.05.26"]
[Round "4"]
[White "Ahmadzada"]
[Black "Massapi"]
[Result "1/2-1/2"]
[WhiteElo "1762"]
[BlackElo "2590"]
[Annotator "TA"]
[PlyCount "84"]
[EventDate "2020.05.26"]
[EventType "swiss (blitz)"]

{[%evp 14,84,36,28,40,25,32,28,50,51,122,86,82,79,94,100,101,0,10,0,29,0,0,-10,0,0,0,0,0,0,672,475,464,445,1266,241,756,509,502,505,450,287,565,543,487,479,484,476,513,500,579,567,1864,1796,29979,29980,29990,2894,1470,0,0,0,0,0,0,0,0,0,0,0,0,0,0]} 1. e4 c5 2. Nf3 Nc6 3. Nc3 g6 4. d4 cxd4 5. Nxd4 Bg7 6. Be3 Nf6 7. Bc4 O-O 8. Bb3 Re8 {B35: Sicilian: Accelerated Dragon with 5 Nc3: main line.} 9. f3 d5 {is the new trend.} 10. exd5 Na5 {White has an edge.} 11. Qd2 {[#]} a6 $146 ({Better is} 11... Nxb3 $14 12. Nxb3 e6) ({Predecessor:} 11... Nxb3 12. Nxb3 b5 13. O-O-O Bb7 14. Nc5 b4 15. Nxb7 bxc3 16. Qxc3 Qb8 17. Qb3 Qc7 {1-0 (26) Popovic,M (1871)-Vadila,O (1771) Liptovsky Mikulas 2017}) 12. h4 Nxb3 13. Nxb3 b5 {[#]} 14. O-O-O $1 h5 15. g4 (15. Bh6 $16) 15... hxg4 $11 16. h5 Nxh5 ({But not} 16... gxh5 $2 17. Bh6 $18) 17. Bh6 Qd6 18. fxg4 Bxg4 {White must now prevent ...Bxc3.} 19. Rdg1 f5 {aiming for ...Bxc3.} 20. Bxg7 Kxg7 21. Nd4 $36 {[%mdl 2048] White has good play.} b4 $2 {[%mdl 8192]} (21... Kf7 $11) 22. Ne6+ Kf7 {[#]} 23. Ne4 $1 {[%mdl 512]} Qe5 (23... fxe4 $142 24. Rxg4 Rh8 25. Ng5+ (25. Rxe4 Nf6 $16) 25... Kg7 26. Nxe4 Qe5) 24. Nf2 $2 (24. Qh6 Rh8 25. N6g5+ Kg8 26. Qxg6+ Qg7 27. Qe6+ Kf8 28. Qc6) 24... Rg8 $2 (24... Qe2 25. Nxg4 Qxd2+ 26. Kxd2 fxg4 27. Rf1+ (27. Rxg4 Nf6 $16) 27... Kg8) 25. Nxg4 fxg4 26. Rxg4 Nf6 27. Rf4 {Strongly threatening Re1.} g5 $2 (27... Rh8 {was called for.} 28. Re1 Qd6) 28. Rf2 $18 Rg6 29. Re1 Qd6 30. Nxg5+ Ke8 31. Ne6 Rc8 32. Qd3 Rg8 {[#]} 33. Rxf6 $1 {[%mdl 576] White threatens Ng7+! and mate. Remove Defender} exf6 34. Qh7 Rg2 35. Nc5+ (35. Ng5+ $142 Kd8 36. Nf7+ {[%mdl 64] Double Attack} Kd7 37. Nxd6+ Rg7 38. Qxg7+ {[%mdl 64] Double Attack} Kxd6 39. Qe7+ Kxd5 40. Qxf6 Kc4 41. Re5 Rc5 42. Qf1+ Kd4 43. Qf4#) 35... Kf8 {[#]} 36. Nd7+ $2 ({Only move:} 36. Qh8+ $1 $18 Kf7 37. Qxc8 Qf4+ 38. Kb1) 36... Qxd7 $11 {The position is equal.} 37. Qxd7 Rcxc2+ {[%mdl 64] Double Attack} 38. Kb1 {[%csl Gd7][%cal Re1e8]} Rxb2+ {[%mdl 64] Double Attack} 39. Kc1 {[%csl Gd7][%cal Re1e8]} Rbc2+ 40. Kb1 {[%csl Gd7][%cal Re1e8]} Rb2+ 41. Kc1 {[%csl Gd7][%cal Re1e8]} Rbc2+ 42. Kb1 {[%csl Gd7][%cal Re1e8]} Rb2+ {Black defended with fortune. Accuracy: White = 57%, Black = 59%.} 1/2-1/2

[Event "Silkway Cup"]
[Site "T#646345FIDE"]
[Date "2020.05.26"]
[Round "4"]
[White "Meri-Arabidze"]
[Black "Gaguna"]
[Result "1/2-1/2"]
[WhiteElo "1695"]
[BlackElo "1647"]
[Annotator "NA"]
[PlyCount "102"]
[EventDate "2020.05.26"]
[EventType "swiss (blitz)"]

1. d4 {[%emt 0:00:02]} d5 {[%emt 0:00:01]} 2. c4 {[%emt 0:00:01]} c6 {[%emt 0:00:01]} 3. Nf3 {[%emt 0:00:03]} Nf6 {[%emt 0:00:01]} 4. Nc3 {[%emt 0:00:02]} dxc4 {[%emt 0:00:03]} 5. a4 {[%emt 0:00:02]} Bf5 {[%emt 0:00:02]} 6. e3 {[%emt 0:00:01]} e6 {[%emt 0:00:01]} 7. Bxc4 {[%emt 0:00:01]} Bb4 {[%emt 0:00:01]} 8. O-O {[%emt 0:00:01]} O-O {[%emt 0:00:01]} 9. Qe2 {[%emt 0:00:01]} Bg6 {[%emt 0:00:04]} 10. Rd1 {[%emt 0:00:02]} Nbd7 {[%emt 0:00:02]} 11. Bd2 {[%emt 0:00:03]} Qa5 {[%emt 0:00:03]} 12. e4 {[%emt 0:00:14]} e5 {[%emt 0:00:05]} 13. dxe5 {[%emt 0:00:15]} Nxe5 {[%emt 0:00:03]} 14. Nxe5 {[%emt 0:00:19]} Qxe5 {[%emt 0:00:02]} 15. f4 {[%emt 0:00:09]} Qe7 {[%emt 0:00:16]} 16. e5 {[%emt 0:00:15]} Bxc3 {[%emt 0:00:44]} 17. Bxc3 {[%emt 0:00:05]} Ne4 {[%emt 0:00:01]} 18. Bd4 {[%emt 0:00:17]} Rfd8 {[%emt 0:00:53]} 19. Be3 {[%emt 0:00:03]} Nc5 {[%emt 0:00:13]} 20. b3 {[%emt 0:00:14]} Be4 {[%emt 0:00:05]} 21. Rxd8+ {[%emt 0:00:37]} Rxd8 {[%emt 0:00:02]} 22. Rd1 {[%emt 0:00:00]} Bd5 {[%emt 0:00:19]} 23. Bxd5 {[%emt 0:00:12]} cxd5 {[%emt 0:00:02]} 24. Qb5 {[%emt 0:00:07]} b6 {[%emt 0:00:14]} 25. b4 {[%emt 0:00:06]} Ne4 {[%emt 0:00:12]} 26. Rxd5 {[%emt 0:00:14]} Nc3 {[%emt 0:00:03]} 27. Rxd8+ {[%emt 0:00:06]} Qxd8 {[%emt 0:00:01]} 28. Qc4 {[%emt 0:00:08]} Nxa4 {[%emt 0:00:13]} 29. h3 {[%emt 0:00:12]} Qd7 {[%emt 0:00:04]} 30. Kh2 {[%emt 0:00:02]} h6 {[%emt 0:00:02]} 31. Qe4 {[%emt 0:00:02]} b5 {[%emt 0:00:03]} 32. f5 {[%emt 0:00:02]} Nb6 {[%emt 0:00:03]} 33. e6 {[%emt 0:00:02]} Qd6+ {[%emt 0:00:02]} 34. Bf4 {[%emt 0:00:01]} Qe7 {[%emt 0:00:01]} 35. Qc6 {[%emt 0:00:02]} fxe6 {[%emt 0:00:01]} 36. fxe6 {[%emt 0:00:01]} Nc4 {[%emt 0:00:03]} 37. Bg3 {[%emt 0:00:02]} h5 {[%emt 0:00:02]} 38. Qxb5 {[%emt 0:00:01]} Qxe6 {[%emt 0:00:01]} 39. Qb8+ {[%emt 0:00:00]} Kh7 {[%emt 0:00:01]} 40. Qxa7 {[%emt 0:00:00]} Ne3 {[%emt 0:00:02]} 41. Qd4 {[%emt 0:00:02]} Nf1+ {[%emt 0:00:02]} 42. Kg1 {[%emt 0:00:01]} Nxg3 {[%emt 0:00:00]} 43. Qd3+ {[%emt 0:00:01]} Qg6 {[%emt 0:00:01]} 44. Qb3 {[%emt 0:00:06]} h4 {[%emt 0:00:02]} 45. b5 {[%emt 0:00:03]} Qf6 {[%emt 0:00:02]} 46. Qb1+ {[%emt 0:00:02]} g6 {[%emt 0:00:04]} 47. b6 {[%emt 0:00:01]} Qd4+ {[%emt 0:00:01]} 48. Kh2 {[%emt 0:00:02]} Qf2 {[%emt 0:00:02]} 49. b7 {[%emt 0:00:02]} Nf1+ {[%emt 0:00:01]} 50. Qxf1 {[%emt 0:00:01]} Qxf1 {[%emt 0:00:02]} 51. b8=Q {[%emt 0:00:00]} Qf6 {[%emt 0:00:01] Gaguna offers a draw (Lag: Av=1.32s, max=2.5s)} 1/2-1/2

[Event "Silkway Cup"]
[Site "T#646345FIDE"]
[Date "2020.05.26"]
[Round "4"]
[White "KTsa"]
[Black "Nanadzagnidze"]
[Result "0-1"]
[WhiteElo "1672"]
[BlackElo "1764"]
[Annotator "NA"]
[PlyCount "88"]
[EventDate "2020.05.26"]
[EventType "swiss (blitz)"]

1. d4 {[%emt 0:00:02]} f5 {[%emt 0:00:03]} 2. Nf3 {[%emt 0:00:03]} Nf6 {[%emt 0:00:02]} 3. Bg5 {[%emt 0:00:01]} b6 {[%emt 0:00:02]} 4. Bxf6 {[%emt 0:00:01]} exf6 {[%emt 0:00:01]} 5. e3 {[%emt 0:00:01]} Bb7 {[%emt 0:00:01]} 6. Bd3 {[%emt 0:00:03]} g6 {[%emt 0:00:01]} 7. h4 {[%emt 0:00:01]} h5 {[%emt 0:00:03]} 8. Nbd2 {[%emt 0:00:05]} Bh6 {[%emt 0:00:02]} 9. Qe2 {[%emt 0:00:06]} d5 {[%emt 0:00:05]} 10. c4 {[%emt 0:00:33]} Qe7 {[%emt 0:00:07]} 11. cxd5 {[%emt 0:00:04]} Bxd5 {[%emt 0:00:01]} 12. Bc4 {[%emt 0:00:18]} Bb7 {[%emt 0:00:02]} 13. Rc1 {[%emt 0:00:22]} Kf8 {[%emt 0:00:24]} 14. Bb3 {[%emt 0:00:18]} Kg7 {[%emt 0:00:08]} 15. O-O {[%emt 0:00:10]} a5 {[%emt 0:00:21]} 16. Qc4 {[%emt 0:00:15]} Na6 {[%emt 0:00:19]} 17. Qe6 {[%emt 0:00:08]} Rhe8 {[%emt 0:00:11]} 18. Qxe7+ {[%emt 0:00:06]} Rxe7 {[%emt 0:00:00]} 19. Rfe1 {[%emt 0:00:01]} Rd8 {[%emt 0:00:32]} 20. a3 {[%emt 0:00:10]} c5 {[%emt 0:00:32]} 21. Nc4 {[%emt 0:00:11]} Bxf3 {[%emt 0:00:02]} 22. gxf3 {[%emt 0:00:00]} cxd4 {[%emt 0:00:01]} 23. exd4 {[%emt 0:00:00]} Rxe1+ {[%emt 0:00:31]} 24. Rxe1 {[%emt 0:00:00]} a4 {[%emt 0:00:02]} 25. Bxa4 {[%emt 0:00:11]} Rxd4 {[%emt 0:00:02]} 26. Nxb6 {[%emt 0:00:22]} Bf4 {[%emt 0:00:02]} 27. b4 {[%emt 0:00:13]} Be5 {[%emt 0:00:04]} 28. Bb5 {[%emt 0:00:01]} Nxb4 {[%emt 0:00:02]} 29. axb4 {[%emt 0:00:02]} Rxb4 {[%emt 0:00:01]} 30. Bf1 {[%emt 0:00:06]} Rxb6 {[%emt 0:00:02]} 31. Rc1 {[%emt 0:00:02]} Rb4 {[%emt 0:00:01]} 32. Rc4 {[%emt 0:00:01]} Rb3 {[%emt 0:00:01]} 33. Kg2 {[%emt 0:00:01]} Kh6 {[%emt 0:00:02]} 34. Ra4 {[%emt 0:00:01]} Rb2 {[%emt 0:00:01]} 35. Rc4 {[%emt 0:00:02]} Rd2 {[%emt 0:00:01]} 36. Ra4 {[%emt 0:00:01]} Bd4 {[%emt 0:00:01]} 37. Bb5 {[%emt 0:00:04]} Rxf2+ {[%emt 0:00:02]} 38. Kg1 {[%emt 0:00:01]} Rd2+ {[%emt 0:00:02]} 39. Kh1 {[%emt 0:00:00]} g5 {[%emt 0:00:02]} 40. hxg5+ {[%emt 0:00:01]} Kxg5 {[%emt 0:00:01]} 41. Bd7 {[%emt 0:00:02]} h4 {[%emt 0:00:02]} 42. Ra5 {[%emt 0:00:01]} Be5 {[%emt 0:00:01]} 43. Be6 {[%emt 0:00:02]} h3 {[%emt 0:00:03]} 44. Ra4 {[%emt 0:00:01]} Rd1# {[%emt 0:00:02] (Lag: Av=1.03s, max=1.6s)} 0-1

[Event "Silkway Cup"]
[Site "T#646345FIDE"]
[Date "2020.05.26"]
[Round "4"]
[White "Sandrika"]
[Black "NIKiler"]
[Result "0-1"]
[WhiteElo "1665"]
[BlackElo "1676"]
[Annotator "NA"]
[PlyCount "60"]
[EventDate "2020.05.26"]
[EventType "swiss (blitz)"]

1. Nf3 {[%emt 0:00:03]} Nf6 {[%emt 0:00:03]} 2. c4 {[%emt 0:00:02]} c5 {[%emt 0:00:05]} 3. d4 {[%emt 0:00:02]} cxd4 {[%emt 0:00:01]} 4. Nxd4 {[%emt 0:00:02]} Nc6 {[%emt 0:00:01]} 5. Nc3 {[%emt 0:00:02]} g6 {[%emt 0:00:01]} 6. e4 {[%emt 0:00:02]} Nxd4 {[%emt 0:00:01]} 7. Qxd4 {[%emt 0:00:01]} d6 {[%emt 0:00:00]} 8. Be3 {[%emt 0:00:07]} Bg7 {[%emt 0:00:02]} 9. f3 {[%emt 0:00:04]} O-O {[%emt 0:00:02]} 10. Qd2 {[%emt 0:00:01]} Be6 {[%emt 0:00:02]} 11. Be2 {[%emt 0:00:03]} Qa5 {[%emt 0:00:01]} 12. O-O {[%emt 0:00:03]} Rfc8 {[%emt 0:00:01]} 13. b3 {[%emt 0:01:13]} a6 {[%emt 0:00:05]} 14. Rfc1 {[%emt 0:00:04]} Nd7 {[%emt 0:00:06]} 15. Rab1 {[%emt 0:00:06]} Kf8 {[%emt 0:00:27]} 16. b4 {[%emt 0:00:08]} Qd8 {[%emt 0:00:05]} 17. Nd5 {[%emt 0:00:03]} a5 {[%emt 0:00:08]} 18. a3 {[%emt 0:00:08]} axb4 {[%emt 0:00:01]} 19. axb4 {[%emt 0:00:01]} Ra3 {[%emt 0:00:20]} 20. Bf2 {[%emt 0:00:04]} h6 {[%emt 0:00:12]} 21. Nf4 {[%emt 0:00:06]} Rca8 {[%emt 0:00:15]} 22. Nxe6+ {[%emt 0:00:04]} fxe6 {[%emt 0:00:00]} 23. Qf4+ {[%emt 0:00:06]} Bf6 {[%emt 0:00:06]} 24. Qxh6+ {[%emt 0:00:02]} Kf7 {[%emt 0:00:01]} 25. Qh7+ {[%emt 0:00:03]} Bg7 {[%emt 0:00:03]} 26. c5 {[%emt 0:00:07]} dxc5 {[%emt 0:00:20]} 27. bxc5 {[%emt 0:00:06]} Nf6 {[%emt 0:00:02]} 28. Qh3 {[%emt 0:00:05]} g5 {[%emt 0:00:15]} 29. Bc4 {[%emt 0:00:04]} g4 {[%emt 0:00:01]} 30. fxg4 {[%emt 0:00:02]} Rxh3 {[%emt 0:00:01] Sandrika resigns (Lag: Av=0.57s, max=1.1s)} 0-1

[Event "Silkway Cup"]
[Site "T#646345FIDE"]
[Date "2020.05.26"]
[Round "4"]
[White "Atesh"]
[Black "S-melia"]
[Result "1/2-1/2"]
[WhiteElo "1650"]
[BlackElo "1811"]
[Annotator "NA"]
[PlyCount "99"]
[EventDate "2020.05.26"]
[EventType "swiss (blitz)"]

1. Nf3 {[%emt 0:00:03]} d5 {[%emt 0:00:02]} 2. d4 {[%emt 0:00:01]} g6 {[%emt 0:00:02]} 3. c4 {[%emt 0:00:02]} e6 {[%emt 0:00:01]} 4. Nc3 {[%emt 0:00:03]} Bg7 {[%emt 0:00:02]} 5. e4 {[%emt 0:00:10]} Ne7 {[%emt 0:00:09]} 6. Be2 {[%emt 0:00:04]} O-O {[%emt 0:00:02]} 7. O-O {[%emt 0:00:02]} dxe4 {[%emt 0:00:03]} 8. Nxe4 {[%emt 0:00:02]} Nbc6 {[%emt 0:00:05]} 9. Bg5 {[%emt 0:00:31]} h6 {[%emt 0:00:02]} 10. Bf6 {[%emt 0:00:06]} Bxf6 {[%emt 0:00:11]} 11. Nxf6+ {[%emt 0:00:01]} Kg7 {[%emt 0:00:00]} 12. Ne4 {[%emt 0:00:05]} Nf5 {[%emt 0:00:12]} 13. d5 {[%emt 0:00:02]} exd5 {[%emt 0:00:01]} 14. cxd5 {[%emt 0:00:01]} Nce7 {[%emt 0:00:03]} 15. Nc3 {[%emt 0:00:01]} a6 {[%emt 0:00:55]} 16. Qd2 {[%emt 0:00:04]} b5 {[%emt 0:00:04]} 17. Rad1 {[%emt 0:00:07]} Bb7 {[%emt 0:00:03]} 18. Qf4 {[%emt 0:00:08]} Qd6 {[%emt 0:00:04]} 19. Qxd6 {[%emt 0:00:58]} Nxd6 {[%emt 0:00:02]} 20. a3 {[%emt 0:00:03]} Rad8 {[%emt 0:00:08]} 21. Rd2 {[%emt 0:00:04]} Rfe8 {[%emt 0:00:20]} 22. Rfd1 {[%emt 0:00:03]} Ng8 {[%emt 0:00:19]} 23. Kf1 {[%emt 0:00:33]} Nf6 {[%emt 0:00:02]} 24. Rd4 {[%emt 0:00:02]} Nf5 {[%emt 0:00:08]} 25. R4d2 {[%emt 0:00:04]} Ne4 {[%emt 0:00:08]} 26. Nxe4 {[%emt 0:00:03]} Rxe4 {[%emt 0:00:00]} 27. Bd3 {[%emt 0:00:04]} Ree8 {[%emt 0:00:06]} 28. Bxf5 {[%emt 0:00:01]} gxf5 {[%emt 0:00:01]} 29. Rd4 {[%emt 0:00:05]} Re4 {[%emt 0:00:04]} 30. R4d3 {[%emt 0:00:06]} Kf6 {[%emt 0:00:03]} 31. d6 {[%emt 0:00:03]} cxd6 {[%emt 0:00:05]} 32. Rxd6+ {[%emt 0:00:01]} Rxd6 {[%emt 0:00:01]} 33. Rxd6+ {[%emt 0:00:00]} Re6 {[%emt 0:00:01]} 34. Rd3 {[%emt 0:00:09]} Be4 {[%emt 0:00:12]} 35. Rc3 {[%emt 0:00:05]} Bd5 {[%emt 0:00:01]} 36. Nd2 {[%emt 0:00:02]} Rd6 {[%emt 0:00:10]} 37. f3 {[%emt 0:00:02]} Ba2 {[%emt 0:00:07]} 38. Ke2 {[%emt 0:00:01]} Be6 {[%emt 0:00:02]} 39. Ke3 {[%emt 0:00:01]} a5 {[%emt 0:00:10]} 40. g3 {[%emt 0:00:02]} b4 {[%emt 0:00:03]} 41. axb4 {[%emt 0:00:00]} axb4 {[%emt 0:00:00]} 42. Rc5 {[%emt 0:00:01]} b3 {[%emt 0:00:02]} 43. f4 {[%emt 0:00:02]} Ra6 {[%emt 0:00:01]} 44. Rc3 {[%emt 0:00:03]} Ra2 {[%emt 0:00:01]} 45. Nxb3 {[%emt 0:00:04]} Rxb2 {[%emt 0:00:01]} 46. Nd4 {[%emt 0:00:01]} Rxh2 {[%emt 0:00:01]} 47. Rc2 {[%emt 0:00:08]} Rxc2 {[%emt 0:00:05]} 48. Nxc2 {[%emt 0:00:01]} Ke7 {[%emt 0:00:03]} 49. Nd4 {[%emt 0:00:01]} Kd6 {[%emt 0:00:01] Atesh offers a draw} 50. Nf3 {[%emt 0:00:02] (Lag: Av=0.39s, max=0.8s)} 1/2-1/2